000 00750nam a2200265Ia 4500
003 OSt
005 20220924121624.0
006 a|||||r|||| 00| 0
007 ta
008 220923b |||||||| |||| 00| 0 per d
020 _c100.00
024 _a329652
037 _cTextual
040 _aARTS
_cARTS
_bper
041 _2per
_aper
082 _aP164:4k, 164M1
100 _aYamin Puhindavi Muhammad Hussain Au.
_9186647
245 0 _aFarhang-e-talaffuz lughat
260 _aKabul
_bZaban-o-adbiyat Afghanistan
_c1981
300 _a251p.
_ccm.
650 _a PERSIAN LANGUAGE
650 _aLINGUISTICS
942 _hP164:4k, 164M1
_cTEXL
_2CC
999 _c408299
_d408299